Landmarks of South Asian Civilizations (Record no. 11243)

MARC details
000 -LEADER
fixed length control field 00654nam a2200241 a 4500
020 ## - INTERNATIONAL STANDARD BOOK NUMBER
ISBN
082 00 - DEWEY DECIMAL CLASSIFICATION NUMBER
Classification number 909.0491411
Author Cutter RIZ
100 ## - MAIN ENTRY--AUTHOR NAME
Author name Rizvi, Saiyed Athar Abbas
245 ## - TITLE STATEMENT
Title Landmarks of South Asian Civilizations
260 ## - PUBLICATION, DISTRIBUTION, ETC. (IMPRINT)
Place of publication Delhi
Name of publisher Munshiram Manoharlal Pub
Year of publication 1983
300 ## - PHYSICAL DESCRIPTION
Number of Pages 531p
500 ## - GENERAL NOTE
General note includes index and biblioraphy
505 2# - FORMATTED CONTENTS NOTE
Formatted contents note Communal and Ethinic Violence in India.
650 ## - SUBJECT ADDED ENTRY--TOPICAL TERM
Topical Term Civilization-India
942 ## - ADDED ENTRY ELEMENTS (KOHA)
Koha item type Books
700 1# -
-- Rizvi, Saiyed Athar Abbas
Holdings
Collection code Home library Current library Date acquired Cost, normal purchase price Full call number Accession Number Koha item type
  Henry Martyn Institute Library Henry Martyn Institute Library 06/05/2007 400.00 909.0491411 RIZ 019540 Books
                   Copyright © 2026 | Henry Martyn Institute | Hyderabad | TS-500052 | INDIA | Implemented by hmi.edu.in
Hit-Count:

Powered by Koha